Ứng dụng mã nguồn mở WED-GIS để quản lý môi trường và tài nguyên thiên nhiên Đồng bằng sông Cửu Long : Báo cáo tổng kết đề tài khoa học và công nghệ cấp Trường
Nội dung đề tài nghiên cứu qui trình và xây dựng các công cụ WEB-GIS bằng các bộ mã nguồn mở GIS như quản lý dữ liệu GIS, các công cụ truy suất, các công cụ phân tích đồ thị và bản đồ chuyên đề...
Đã lưu trong:
| 主要作者: | |
|---|---|
| 格式: | 图书 |
| 语言: | Undetermined |
| 出版: |
Cần Thơ
Trường Đại học Cần Thơ
2011
|
| 主题: | |
| 标签: |
添加标签
没有标签, 成为第一个标记此记录!
|
| Thư viện lưu trữ: | Trung tâm Học liệu Trường Đại học Cần Thơ |
|---|
| LEADER | 01356nam a2200229Ia 4500 | ||
|---|---|---|---|
| 001 | CTU_203819 | ||
| 008 | 210402s9999 xx 000 0 und d | ||
| 082 | |a 363.70285 | ||
| 082 | |b Tr513 | ||
| 088 | |a T2001-23 | ||
| 100 | |a Nguyễn, Hiếu Trung | ||
| 245 | 0 | |a Ứng dụng mã nguồn mở WED-GIS để quản lý môi trường và tài nguyên thiên nhiên Đồng bằng sông Cửu Long : | |
| 245 | 0 | |b Báo cáo tổng kết đề tài khoa học và công nghệ cấp Trường | |
| 245 | 0 | |c Nguyễn Hiếu Trung (Chủ nhiệm đề tài) ; Trương Chí Quang, Trần Văn Hùng (tham gia thực hiện) | |
| 260 | |a Cần Thơ | ||
| 260 | |b Trường Đại học Cần Thơ | ||
| 260 | |c 2011 | ||
| 520 | |a Nội dung đề tài nghiên cứu qui trình và xây dựng các công cụ WEB-GIS bằng các bộ mã nguồn mở GIS như quản lý dữ liệu GIS, các công cụ truy suất, các công cụ phân tích đồ thị và bản đồ chuyên đề | ||
| 650 | |a Hệ thống thông tin địa lý,Geographic information systems,Quản lý môi trường,Environmental mangement | ||
| 904 | |i Tuyến | ||
| 915 | |a MT | ||
| 980 | |a Trung tâm Học liệu Trường Đại học Cần Thơ | ||